Východ potrebuje nové heslá Rakúske reklamné agentúry - po vlne nadšenia skromnejšie vyhliadky

Pôsobenie medzinárodných reklamných agentúr vo východnej Európe.

Uložené v:
Podrobná bibliografia
Hlavný autor: Žiaková, M.
Médium: Kapitola
Jazyk:Slovak
Predmet:
Tagy: Pridať tag
Žiadne tagy, Buďte prvý, kto otaguje tento záznam!

MARC

LEADER 00000naa a2200000 4500
001 r000310
005 20221213114019.6
041 0 |a slo 
044 |a SK 
245 1 0 |a Východ potrebuje nové heslá  |b Rakúske reklamné agentúry - po vlne nadšenia skromnejšie vyhliadky  |c M. Žiaková 
520 |a Pôsobenie medzinárodných reklamných agentúr vo východnej Európe. 
610 2 0 |a reklama 
610 2 0 |a agentúry 
610 2 0 |a podnikanie 
610 2 0 |a východná Európa 
100 1 |a Žiaková, M.